[Event "ONJK 2017 E"]
[Site "Borne"]
[Date "2017.08.11"]
[Round "10.2"]
[White "Cappan, Pjotr"]
[Black "Basa, Manasvita"]
[Result "1-0"]
[WhiteElo "1389"]
[BlackElo "1216"]
[PlyCount "81"]
[EventDate "2017.08.??"]

1. e4 e5 2. Nf3 Nc6 3. Bc4 Bc5 4. d3 h6 5. Be3 Bb6 6. Nc3 Nf6 7. O-O d6 8. h3
Be6 9. Bb3 O-O 10. Ne2 Nh5 11. Qd2 Qf6 12. Nh2 Qg6 13. Kh1 f5 14. exf5 Bxe3 15.
fxg6 Bxd2 16. Bxe6+ Kh8 17. Nf3 Rf6 18. Bg4 Ba5 19. Bxh5 d5 20. Ng3 Re8 21. c3
Bb6 22. Rae1 Rfe6 23. Bg4 R6e7 24. Nf5 Rd7 25. Nxh6 Rde7 26. Nf7+ Kg8 27. Nh4
Ra8 28. f4 e4 29. d4 a5 30. f5 a4 31. f6 gxf6 32. Rxf6 Kg7 33. Rxc6 bxc6 34.
Nf5+ Kf8 35. Nxe7 Kxe7 36. Ne5 Kd6 37. Rf1 c5 38. Rf6+ Ke7 39. Rf7+ Ke8 40.
Bd7+ Kd8 41. Nc6# 1-0

[Event "ONJK 2017 E"]
[Site "Borne"]
[Date "2017.08.11"]
[Round "10.3"]
[White "Van Egmond, Tom"]
[Black "Pick, Max"]
[Result "0-1"]
[WhiteElo "872"]
[BlackElo "1462"]
[PlyCount "98"]
[EventDate "2017.08.??"]

1. d4 e6 2. Nf3 c5 3. c4 d5 4. e3 cxd4 5. exd4 Nf6 6. Nc3 Nc6 7. cxd5 exd5 8.
Bb5 a6 9. Bxc6+ bxc6 10. O-O Be7 11. Bg5 h6 12. Bh4 Bg4 13. h3 Bh5 14. Re1 O-O
15. Re5 Re8 16. Bxf6 Bxf6 17. Rxh5 g6 18. Rxh6 Bg5 19. Rxg6+ fxg6 20. Qd3 Qf6
21. Ne5 Re6 22. Na4 Rd6 23. Nc5 Re8 24. Qxa6 Qf4 25. Qd3 Qf5 26. Qxf5 gxf5 27.
a4 Bf6 28. f4 Bxe5 29. fxe5 Rg6 30. b4 f4 31. Rf1 Rf8 32. Kh2 Rf7 33. e6 Rfg7
34. Rf2 Kh7 35. e7 Rxe7 36. Rxf4 Re2 37. Rg4 Rxg4 38. hxg4 Rb2 39. Na6 Kg6 40.
Kg3 Kg5 41. a5 Rb3+ 42. Kh2 Kxg4 43. Nc7 Rxb4 44. a6 Ra4 45. g3 Kf5 46. Kh3 Kg5
47. g4 Ra3+ 48. Kg2 Kxg4 49. Kf2 Kf4 0-1

[Event "ONJK 2017 E"]
[Site "Borne"]
[Date "2017.08.11"]
[Round "11.1"]
[White "He, Canzhou"]
[Black "Wieggers, Wouter"]
[Result "1-0"]
[WhiteElo "1519"]
[BlackElo "747"]
[PlyCount "35"]
[EventDate "2017.08.??"]

1. e4 e5 2. Nf3 Nc6 3. Bc4 Bc5 4. c3 Nf6 5. d4 exd4 6. cxd4 Bb4+ 7. Bd2 Nxe4 8.
Bxb4 Nxb4 9. Bxf7+ Kxf7 10. Qb3+ d5 11. Ne5+ Ke8 12. Qxb4 Nd6 13. O-O Bd7 14.
Re1 Kf8 15. Nc3 c6 16. Qxd6+ Kg8 17. Nxd7 Kf7 18. Qe6# 1-0

[Event "ONJK 2017 E"]
[Site "Borne"]
[Date "2017.08.11"]
[Round "11.2"]
[White "Kanbier, Djezzmonde"]
[Black "Cappan, Pjotr"]
[Result "0-1"]
[WhiteElo "653"]
[BlackElo "1389"]
[PlyCount "120"]
[EventDate "2017.08.??"]

1. f4 d5 2. d4 Bf5 3. e3 e6 4. Nf3 c5 5. c4 dxc4 6. Bxc4 a6 7. Nc3 Nf6 8. O-O
Be7 9. h3 O-O 10. Ne5 Nbd7 11. a3 Ne4 12. Nxe4 Bxe4 13. Bd3 Nf6 14. Qc2 Bxd3
15. Qxd3 Rc8 16. Bd2 cxd4 17. Qxd4 Qxd4 18. exd4 Rc2 19. Bc3 Nd5 20. Rac1 Rxc1
21. Rxc1 Nxf4 22. Re1 Nd5 23. a4 Rc8 24. Bd2 Rc2 25. Bc1 Bb4 26. Rf1 Bd2 27.
Bxd2 Rxd2 28. b3 Ne3 29. Rf3 Nf5 30. Rc3 h6 31. Rd3 Rxd3 32. Nxd3 Nxd4 33. b4
Nc2 34. b5 axb5 35. axb5 b6 36. Ne5 Nd4 37. Nd7 Nxb5 38. Nxb6 g5 39. Nd7 f5 40.
Nc5 e5 41. Kf2 Kf7 42. g3 f4 43. gxf4 exf4 44. Kf3 Kf6 45. Ne4+ Kf5 46. Nf2 h5
47. Nd3 g4+ 48. hxg4+ hxg4+ 49. Kg2 Nd6 50. Nf2 f3+ 51. Kh2 Ne4 52. Nh1 Kf4 53.
Kg1 g3 54. Nxg3 Kxg3 55. Kf1 f2 56. Ke2 Kg2 57. Ke3 f1=Q 58. Kxe4 Qf3+ 59. Kd4
Qe2 60. Kc3 Qd1 0-1

[Event "ONJK 2017 E"]
[Site "Borne"]
[Date "2017.08.11"]
[Round "11.3"]
[White "Pick, Max"]
[Black "Labruy re, Roger"]
[Result "0-1"]
[WhiteElo "1462"]
[BlackElo "1359"]
[PlyCount "102"]
[EventDate "2017.08.??"]

1. Nf3 d5 2. g3 Nf6 3. Bg2 c6 4. O-O g6 5. b3 Bg7 6. Bb2 O-O 7. d3 Nbd7 8. Nbd2
e6 9. c4 Re8 10. Qc2 Qc7 11. Rac1 h6 12. Rfd1 g5 13. e4 Qa5 14. a3 Bf8 15. b4
Qa6 16. exd5 exd5 17. Re1 Rxe1+ 18. Rxe1 c5 19. b5 Qb6 20. a4 d4 21. Nb3 a5 22.
Qe2 Qc7 23. Nbd2 Nb6 24. Qd1 Bf5 25. Qb3 Re8 26. Rxe8 Nxe8 27. Qa3 Qe7 28. Nb3
Bxd3 29. Nxa5 g4 30. Qxd3 gxf3 31. Qxf3 Qe1+ 32. Bf1 Qxa5 33. Qxb7 Nxa4 34. Bc1
d3 35. Qd7 Nd6 36. Qg4+ Kh8 37. Qf4 Qc3 38. Qe3 Nxc4 39. Qe8 Kg7 40. Bxh6+ Kxh6
41. Qxf8+ Qg7 42. Qa8 Nab6 43. Qc6+ Qg6 44. Qxc5 d2 45. Qf8+ Kh7 46. Qd8 Nd6
47. Qh4+ Kg8 48. Qd8+ Kg7 49. Be2 Qb1+ 50. Kg2 Qe4+ 51. Kf1 Qg6 0-1

[Event "ONJK 2017 E"]
[Site "Borne"]
[Date "2017.08.12"]
[Round "12.1"]
[White "He, Canzhou"]
[Black "Kanbier, Djezzmonde"]
[Result "1-0"]
[WhiteElo "1519"]
[BlackElo "653"]
[PlyCount "87"]
[EventDate "2017.08.??"]

1. e4 e5 2. Nf3 Nc6 3. Bc4 h6 4. Nc3 Nf6 5. d4 Bd6 6. Bd5 Qe7 7. O-O O-O 8.
dxe5 Nxe5 9. Nd4 Qe8 10. f4 Ng6 11. e5 Bxe5 12. fxe5 Qxe5 13. Bf3 d5 14. Re1
Qd6 15. Nde2 c6 16. Ng3 Nh4 17. Kh1 Nxf3 18. Qxf3 Bg4 19. Qf2 Bh5 20. Bf4 Qd7
21. Bxh6 Ng4 22. Qd2 Qd6 23. Bf4 Qg6 24. h3 Nf6 25. Re5 Rfe8 26. Rg5 Qh7 27.
Be5 Bg6 28. Bxf6 gxf6 29. Rg4 Kf8 30. Qf4 f5 31. Rh4 Qg7 32. Nxf5 Bxf5 33. Qxf5
Re6 34. Rh7 Rf6 35. Qh5 Rg6 36. Rxg7 Kxg7 37. Rf1 Rh8 38. Qe5+ Kg8 39. Qe8+ Kh7
40. Rxf7+ Rg7 41. Qe7 Rhg8 42. Ne2 Kh6 43. Qf6+ Rg6 44. Qh4# 1-0

[Event "ONJK 2017 E"]
[Site "Borne"]
[Date "2017.08.12"]
[Round "12.2"]
[White "Chen, Jiaqi"]
[Black "Cappan, Pjotr"]
[Result "0-1"]
[WhiteElo "1323"]
[BlackElo "1389"]
[PlyCount "90"]
[EventDate "2017.08.??"]

1. e4 e5 2. Nf3 Nc6 3. Bc4 Bc5 4. O-O d6 5. h3 Be6 6. Bb3 Nf6 7. Nc3 O-O 8. d3
h6 9. Be3 Bb6 10. d4 exd4 11. Nxd4 Nxd4 12. Bxd4 Ba5 13. Qd3 Bxb3 14. axb3 Bxc3
15. bxc3 a6 16. f4 d5 17. Bxf6 Qxf6 18. exd5 Rfd8 19. c4 c6 20. Rae1 Rac8 21.
Re5 cxd5 22. cxd5 Qd6 23. c4 f6 24. Re4 Rc5 25. Re6 Qxe6 26. dxe6 Rxd3 27. e7
Re3 28. Kf2 Rxe7 29. Rd1 Rf5 30. Kg3 Re4 31. Kh4 Rexf4+ 32. g4 Rg5 33. Rd7 b5
34. Rc7 bxc4 35. bxc4 a5 36. c5 Rc4 37. c6 Rgc5 38. Rd7 Rxc6 39. Rd5 Ra6 40.
Kh5 a4 41. Kg6 f5+ 42. Kxf5 a3 43. h4 a2 44. g5 a1=Q 45. g6 Qf6# 0-1

[Event "ONJK 2017 E"]
[Site "Borne"]
[Date "2017.08.12"]
[Round "12.3"]
[White "Labruy re, Roger"]
[Black "Basa, Manasvita"]
[Result "1-0"]
[WhiteElo "1359"]
[BlackElo "1216"]
[PlyCount "79"]
[EventDate "2017.08.??"]

1. e4 e5 2. Nf3 Nc6 3. Bb5 Bc5 4. c3 Nf6 5. d4 exd4 6. cxd4 Bb4+ 7. Nbd2 Nxe4
8. Bxc6 bxc6 9. Qe2 f5 10. a3 Bxd2+ 11. Nxd2 O-O 12. O-O d5 13. Nxe4 dxe4 14.
Qc4+ Kh8 15. Qxc6 Rb8 16. Qc3 f4 17. Qa5 Rb6 18. Qe5 Re6 19. Qc5 Bb7 20. Qxa7
Ba8 21. Bd2 Rg6 22. Bb4 Re8 23. Qa4 f3 24. g3 Rg8 25. Bd2 Qc8 26. Kh1 Bb7 27.
Be3 Qh3 28. Rg1 h6 29. Qd1 Ba6 30. Rc1 Rf8 31. Qa4 Bc8 32. Qb4 Rf5 33. Rc5 Ba6
34. Qe1 Rxc5 35. dxc5 Rf6 36. g4 Rf8 37. Rg3 Qh4 38. g5 Qh5 39. gxh6 gxh6 40.
Qc3+ 1-0

[Event "ONJK 2017 E"]
[Site "Borne"]
[Date "2017.08.12"]
[Round "13.1"]
[White "Tangarife Ramirez, Katja"]
[Black "He, Canzhou"]
[Result "0-1"]
[WhiteElo "750"]
[BlackElo "1519"]
[PlyCount "68"]
[EventDate "2017.08.??"]

1. e4 c5 2. Nf3 d6 3. d4 cxd4 4. Nxd4 Nf6 5. Nc3 Nc6 6. Nf3 g6 7. Bc4 Bg7 8.
O-O O-O 9. h3 a6 10. Bg5 b5 11. Bd5 Nxd5 12. exd5 Ne5 13. Qe2 Qc7 14. Rfe1 e6
15. Rac1 Nxf3+ 16. Qxf3 Bb7 17. Qd3 b4 18. Ne2 Bxd5 19. Nf4 Bc4 20. Qe3 h6 21.
Bh4 g5 22. Nh5 gxh4 23. Nxg7 Kxg7 24. Qd4+ Kh7 25. Qe4+ f5 26. Qxh4 Rg8 27. Re3
Bd5 28. Rg3 Rxg3 29. fxg3 Qc5+ 30. Kh2 Ra7 31. Qf6 Qf2 32. Rg1 Rg7 33. Qf8
Qxg3+ 34. Kh1 Qxh3# 0-1

[Event "ONJK 2017 E"]
[Site "Borne"]
[Date "2017.08.12"]
[Round "13.2"]
[White "Wieggers, Wouter"]
[Black "Labruy re, Roger"]
[Result "0-1"]
[WhiteElo "747"]
[BlackElo "1359"]
[PlyCount "28"]
[EventDate "2017.08.??"]

1. d4 c5 2. dxc5 e5 3. Nc3 Nc6 4. Nf3 Bxc5 5. e3 Nf6 6. Bd2 d5 7. Bb5 Bg4 8.
O-O e4 9. h3 Bh5 10. g4 Nxg4 11. hxg4 Bxg4 12. Kg2 Bxf3+ 13. Kg1 Qg5+ 14. Kh2
Qg2# 0-1

[Event "ONJK 2017 E"]
[Site "Borne"]
[Date "2017.08.12"]
[Round "13.3"]
[White "Klaren, Oscar"]
[Black "Basa, Manasvita"]
[Result "0-1"]
[WhiteElo "1239"]
[BlackElo "1216"]
[PlyCount "90"]
[EventDate "2017.08.??"]

1. d4 d5 2. c4 e6 3. Nc3 Nf6 4. e3 Nc6 5. Bd3 Bb4 6. Bd2 Bd7 7. a3 Be7 8. Nf3
Na5 9. Nxd5 exd5 10. Bxa5 Be6 11. c5 b6 12. cxb6 axb6 13. Bc3 Bg4 14. O-O O-O
15. Be2 Ne4 16. Ne5 Bxe2 17. Qxe2 Bd6 18. Rad1 Nxc3 19. bxc3 Rxa3 20. Qb2 Ra8
21. Qb5 Ra5 22. Qc6 Bxe5 23. dxe5 Rc5 24. Qa4 Rxc3 25. Qd4 Rc5 26. e4 c6 27.
Rfe1 f6 28. exf6 Rxf6 29. e5 Re6 30. Qg4 Qe7 31. f4 Rc4 32. Ra1 h6 33. Ra8+ Kh7
34. Rea1 Qc5+ 35. Kf1 Rc1+ 36. Rxc1 Qxc1+ 37. Kf2 Qd2+ 38. Kf1 Qd3+ 39. Kg1 Rg6
40. Qc8 Qe3+ 41. Kf1 Qxf4+ 42. Kg1 Qc1+ 43. Kf2 Qd2+ 44. Kf3 Qxg2+ 45. Kf4 Qe4#
0-1